Markov perfection and cooperation in repeated games

Gespeichert in:
Bibliographische Detailangaben
1. Verfasser: Stähler, Frank
Format: Buch
Sprache:Englisch
Veröffentlicht: Kiel Institut für Weltwirtschaft 1996
Schriftenreihe:Kiel Working Paper No. 760
Schlagworte:
Tags: Tag hinzufügen
Keine Tags, Fügen Sie das erste Tag hinzu!

MARC

LEADER 00000nam a2200000 4500
001 c019449
005 20250521093012.2
041 0 |a eng 
044 |a DE 
245 1 0 |a Markov perfection and cooperation in repeated games  |c Frank Stähler 
264 1 |a Kiel  |b Institut für Weltwirtschaft  |c 1996 
300 |a 18 s. 
490 1 |a Kiel Working Paper  |v No. 760 
830 0 |a Kiel Working Paper  |v No. 760 
610 2 0 |a teória hier 
610 2 0 |a modely matematicko-logické 
610 2 0 |a informácie 
610 2 0 |a procesy Markovove 
100 1 |a Stähler, Frank